000 00608nam a2200193 i 4500
001 128933
003 ES-MaACL
007 t|
008 070531s1904 sp ||||1| spa d
080 _a502
100 1 _aTéllez y López, Juan.
_9109647
245 1 0 _aManual de Historia Natural aplicada a la veterinaria /
_cpor Juan Téllez y López.
260 _aMadrid :
_bBailly-Baillière e Hijos,
_c1904.
300 _a314 p. ;
_c18 cm.
490 1 _aBiblioteca económica de veterinaria
830 0 _aBiblioteca económica de veterinaria
_9186755
852 _aES-MaACL
_jG-14285
999 _c128933
_d128933